Normal view
MARC view
- ادارة افراد-ادارة عامة-فلسفة
Entry Topical Term
001 - CONTROL NUMBER
- control field: 15603
003 - CONTROL NUMBER IDENTIFIER
- control field: JO-AjAnu
005 - DATE AND TIME OF LATEST TRANSACTION
- control field: 20230606072805.0
008 - FIXED-LENGTH DATA ELEMENTS
- fixed length control field: 230606|| aca||aabn | a|a d
040 ## - CATALOGING SOURCE
- Original cataloging agency: JO-AjAnu
- Transcribing agency: JO-AjAnu
150 ## - HEADING--TOPICAL TERM
- Topical term or geographic name entry element: ادارة افراد-ادارة عامة-فلسفة
670 ## - SOURCE DATA FOUND
- Source citation: Work cat.: (JO-AjAnu)8012: الطيب، حسن ابشر , author 15602, التنمية الادارية بين النظرية ومكونات التجربة العملية